[Event "Helsingor Xtracon op"]
[Site "Helsingor"]
[Date "2018.07.27"]
[Round "8"]
[White "Rolstad, Morten"]
[Black "Schmied, Andreas"]
[Result "1/2-1/2"]
[WhiteElo "1805"]
[BlackElo "1997"]
[PlyCount "103"]
[EventDate "2018.07.21"]
[EventType "swiss"]
[EventRounds "10"]
[EventCountry "DEN"]
[SourceTitle "CBM 185 Extra"]
[Source "ChessBase"]
[SourceDate "2018.07.29"]
[SourceVersion "1"]
[SourceVersionDate "2018.07.29"]
[SourceQuality "1"]

1. e4 e5 2. Nf3 Nc6 3. Bb5 a6 4. Ba4 Nf6 5. 0-0 Be7 6. Re1 b5 7. Bb3 d6 8. c3 0-0 9. h3 Nb8 10. d4 Nbd7 11. Nbd2 Bb7 12. Bc2 Re8 13. Nf1 Bf8 14. Ng3 g6 15. d5 c6 16. dxc6 Bxc6 17. Bg5 h6 18. Be3 Qc7 19. Qd2 Kh7 20. Nh2 d5 21. Bb3 Rad8 22. exd5 Nc5 23. Bc2 Bxd5 24. Qe2 Qc6 25. f3 Bc4 26. Qf2 Nd5 27. Rad1 Nxe3 28. Rxd8 Rxd8 29. Rxe3 Bd3 30. Qd2 Qd5 31. Ng4 Bg7 32. Bxd3 Nxd3 33. Ne4 Kh8 34. Ngf6 Qc6 35. Rxd3 Rxd3 36. Qxd3 Bxf6 37. Qd6 Qxd6 38. Nxd6 Kg8 39. a4 Be7 40. Ne4 f5 41. Nd2 Kf7 42. axb5 axb5 43. Kf2 Ke6 44. Ke2 Kd5 45. Kd3 h5 46. b3 Bh4 47. c4+ bxc4+ 48. bxc4+ Kc5 49. Nb1 Be1 50. Na3 Ba5 51. Nc2 Bd8 52. Ne3 1/2-1/2

[Event "Helsingor Xtracon op"]
[Site "Helsingor"]
[Date "2018.07.22"]
[Round "2"]
[White "Schmidt, Kresten"]
[Black "Schmied, Andreas"]
[Result "1/2-1/2"]
[WhiteElo "2247"]
[BlackElo "1997"]
[PlyCount "84"]
[EventDate "2018.07.21"]
[EventType "swiss"]
[EventRounds "10"]
[EventCountry "DEN"]
[SourceTitle "CBM 185 Extra"]
[Source "ChessBase"]
[SourceDate "2018.07.29"]
[SourceVersion "1"]
[SourceVersionDate "2018.07.29"]
[SourceQuality "1"]

1. e4 e5 2. Nf3 Nc6 3. d4 exd4 4. Nxd4 Nf6 5. Nxc6 bxc6 6. e5 Qe7 7. Qe2 Nd5 8. c4 Nb6 9. Nc3 Qe6 10. Qe4 Ba6 11. c5 Bxf1 12. cxb6 Bxg2 13. Qxg2 Qxe5+ 14. Be3 axb6 15. 0-0 0-0-0 16. Rfe1 Qh5 17. Bf4 f6 18. Qg3 d6 19. Qg2 d5 20. Ne2 Bb4 21. Nc3 Qf5 22. Bd2 Qc2 23. Qg4+ Kb7 24. Qxb4 Qxd2 25. Rad1 Qg5+ 26. Kh1 Rhe8 27. Qd4 Qh5 28. Qd3 Qh4 29. Qg3 Qh6 30. Kg2 f5 31. Ne2 g5 32. Nd4 Qf6 33. Rxe8 Rxe8 34. Qd3 Re5 35. b4 f4 36. Rc1 g4 37. Nxc6 Rh5 38. Qb5 f3+ 39. Kg1 Qf4 40. Na5+ Ka7 41. Nc6+ Kb7 42. Na5+ Ka7 1/2-1/2

[Event "Helsingor Xtracon op"]
[Site "Helsingor"]
[Date "2017.07.30"]
[Round "10"]
[White "Schmied, Andreas"]
[Black "Vestergaard, Jorn"]
[Result "1-0"]
[WhiteElo "2010"]
[BlackElo "1661"]
[PlyCount "41"]
[EventDate "2017.07.22"]
[EventType "swiss"]
[EventRounds "10"]
[EventCountry "DEN"]
[SourceTitle "CBM 179 Extra"]
[Source "ChessBase"]
[SourceDate "2017.08.23"]
[SourceVersion "1"]
[SourceVersionDate "2017.08.23"]
[SourceQuality "1"]

1. e4 d5 2. exd5 Qxd5 3. Nc3 Qa5 4. Bc4 c6 5. d3 Nf6 6. Bd2 Qc7 7. Qe2 Bf5 8. Nf3 Nbd7 9. 0-0 e5 10. d4 0-0-0 11. Nxe5 Nxe5 12. dxe5 Re8 13. Rae1 Bxc2 14. Be3 Rxe5 15. Qxc2 Bd6 16. g3 h5 17. Bd4 Rxe1 18. Rxe1 h4 19. Bxf6 hxg3 20. hxg3 Bxg3 21. Qf5+ 1-0

[Event "Helsingor Xtracon op"]
[Site "Helsingor"]
[Date "2017.07.23"]
[Round "3"]
[White "Tolba, Henri"]
[Black "Schmied, Andreas"]
[Result "0-1"]
[WhiteElo "1729"]
[BlackElo "2010"]
[PlyCount "84"]
[EventDate "2017.07.22"]
[EventType "swiss"]
[EventRounds "10"]
[EventCountry "DEN"]
[SourceTitle "CBM 179 Extra"]
[Source "ChessBase"]
[SourceDate "2017.08.23"]
[SourceVersion "1"]
[SourceVersionDate "2017.08.23"]
[SourceQuality "1"]

1. c4 Nf6 2. g3 g6 3. Nc3 d5 4. cxd5 Nxd5 5. Bg2 Nxc3 6. bxc3 Bg7 7. d4 c5 8. e3 0-0 9. Ne2 Nd7 10. 0-0 Qc7 11. e4 e5 12. d5 b5 13. Be3 a5 14. a3 Ba6 15. Qd2 Nb6 16. Nc1 Nc4 17. Qe1 b4 18. axb4 Nxe3 19. Qxe3 Bxf1 20. Bxf1 axb4 21. Rxa8 Rxa8 22. c4 Ra3 23. Nb3 Bf8 24. Be2 Bd6 25. Kg2 Qa7 26. Bd1 Qb6 27. Qd3 Ra8 28. Qe3 Qa7 29. Kf1 Rc8 30. Bg4 Rc7 31. Bd1 Qa6 32. Qd3 Qa2 33. Kg2 Qb2 34. Qf3 Kg7 35. h4 Qc3 36. Qg4 h5 37. Qg5 Be7 38. Qc1 Ra7 39. Qxc3 bxc3 40. Kf3 Ra2 41. Ke3 c2 42. Be2 Ra3 0-1

[Event "Helsingor Xtracon op"]
[Site "Helsingor"]
[Date "2017.07.22"]
[Round "1"]
[White "Leonhardsen, Vebjorn Maanum"]
[Black "Schmied, Andreas"]
[Result "0-1"]
[WhiteElo "1443"]
[BlackElo "2010"]
[PlyCount "84"]
[EventDate "2017.07.22"]
[EventType "swiss"]
[EventRounds "10"]
[EventCountry "DEN"]
[SourceTitle "CBM 179 Extra"]
[Source "ChessBase"]
[SourceDate "2017.08.23"]
[SourceVersion "1"]
[SourceVersionDate "2017.08.23"]
[SourceQuality "1"]

1. d4 d5 2. c4 c6 3. Nf3 Nf6 4. Nc3 dxc4 5. a4 Bf5 6. e3 e6 7. Bxc4 Nbd7 8. 0-0 Bb4 9. Bd3 0-0 10. Bxf5 exf5 11. Bd2 a5 12. Ne2 Bd6 13. Re1 Ne4 14. Nc3 Ndf6 15. h3 Re8 16. Qb3 Qe7 17. Qc2 g6 18. Rac1 h6 19. Rf1 Qe6 20. Ne2 Nd5 21. Rb1 Re7 22. Nf4 Nxf4 23. exf4 Nxd2 24. Qxd2 Bb4 25. Qd3 Kg7 26. b3 Rd8 27. Rfd1 Qd5 28. Rbc1 f6 29. Rc4 Rde8 30. Rc2 Re4 31. g3 R8e7 32. Qc4 Qd6 33. h4 h5 34. Qd3 Qd5 35. Qc4 Rd7 36. Qxd5 Rxd5 37. Rc4 Re2 38. Rd3 Rb2 39. Kg2 Kf7 40. Kf1 Rd7 41. Re3 Re7 42. Rxe7+ Kxe7 0-1

[Event "Helsingor Xtracon op"]
[Site "Helsingor"]
[Date "2016.07.31"]
[Round "10"]
[White "Fridthjofsdottir, Sigurlaug Regina"]
[Black "Schmied, Andreas"]
[Result "0-1"]
[WhiteElo "1815"]
[BlackElo "1995"]
[PlyCount "68"]
[EventDate "2016.07.23"]
[EventType "swiss"]
[EventRounds "10"]
[EventCountry "DEN"]
[SourceTitle "CBM 173 Extra"]
[Source "ChessBase"]
[SourceDate "2016.08.29"]
[SourceVersion "1"]
[SourceVersionDate "2016.08.29"]
[SourceQuality "1"]

1. e4 e5 2. Nf3 Nc6 3. Bb5 a6 4. Bxc6 dxc6 5. 0-0 Bg4 6. h3 h5 7. d3 Qf6 8. Be3 Bxf3 9. Qxf3 Qxf3 10. gxf3 Bd6 11. Nc3 Ne7 12. d4 f6 13. Rfd1 Ng6 14. Ne2 0-0-0 15. c3 Rde8 16. Kf1 Nh4 17. Ng1 Rhg8 18. d5 cxd5 19. Rxd5 g5 20. Rad1 Rd8 21. c4 Be7 22. Rxd8+ Rxd8 23. Rxd8+ Kxd8 24. Ke2 Kd7 25. Kd3 Kc6 26. a3 a5 27. Bd2 a4 28. Ne2 Nxf3 29. Nc3 Ng1 30. Nd5 Bd8 31. h4 gxh4 32. f4 h3 33. fxe5 fxe5 34. b4 axb3 0-1

[Event "Helsingor Xtracon op"]
[Site "Helsingor"]
[Date "2016.07.27"]
[Round "6"]
[White "Gula, Julian"]
[Black "Schmied, Andreas"]
[Result "1/2-1/2"]
[WhiteElo "1801"]
[BlackElo "1995"]
[PlyCount "45"]
[EventDate "2016.07.23"]
[EventType "swiss"]
[EventRounds "10"]
[EventCountry "DEN"]
[SourceTitle "CBM 173 Extra"]
[Source "ChessBase"]
[SourceDate "2016.08.29"]
[SourceVersion "1"]
[SourceVersionDate "2016.08.29"]
[SourceQuality "1"]

1. d4 d5 2. c4 c6 3. Nf3 Nf6 4. Qc2 g6 5. e3 Bg7 6. Nc3 0-0 7. Bd3 c5 8. cxd5 cxd4 9. Nxd4 Nxd5 10. Nxd5 Qxd5 11. Be4 Qa5+ 12. Bd2 Qb6 13. 0-0 Bd7 14. a4 Rc8 15. Qd3 a5 16. Bc3 Nc6 17. Nb5 Be8 18. Rfd1 Nb4 19. Qe2 Bc6 20. Bxc6 Nxc6 21. Bxg7 Kxg7 22. Nd4 Nxd4 23. Rxd4 1/2-1/2

[Event "Helsingor Xtracon op"]
[Site "Helsingor"]
[Date "2016.07.24"]
[Round "3"]
[White "Schmied, Andreas"]
[Black "Mansoor, Afras"]
[Result "1-0"]
[WhiteElo "1995"]
[BlackElo "1719"]
[PlyCount "59"]
[EventDate "2016.07.23"]
[EventType "swiss"]
[EventRounds "10"]
[EventCountry "DEN"]
[SourceTitle "CBM 173 Extra"]
[Source "ChessBase"]
[SourceDate "2016.08.29"]
[SourceVersion "1"]
[SourceVersionDate "2016.08.29"]
[SourceQuality "1"]

1. d4 Nf6 2. Nf3 e6 3. g3 b6 4. Bg2 Bb7 5. 0-0 Be7 6. c4 0-0 7. Nc3 d6 8. Qc2 Nbd7 9. Rd1 Qb8 10. b3 e5 11. e4 Ne8 12. Bb2 g6 13. Nd5 Bxd5 14. cxd5 Bf6 15. Bh3 Qd8 16. Qc6 exd4 17. Qxd7 d3 18. Qxd8 Rxd8 19. Bd4 Bxd4 20. Nxd4 Ng7 21. Rxd3 Rde8 22. f3 f5 23. exf5 gxf5 24. Kf2 Re5 25. Nc2 Rfe8 26. Re1 f4 27. Bg4 h5 28. Bh3 fxg3+ 29. hxg3 Rxe1 30. Nxe1 1-0

[Event "Politiken Cup 37th"]
[Site "Helsingor"]
[Date "2015.07.28"]
[Round "5"]
[White "Schmied, Andreas"]
[Black "Zakariassen, Tom A"]
[Result "1-0"]
[WhiteElo "2047"]
[BlackElo "1798"]
[PlyCount "97"]
[EventDate "2015.07.25"]
[EventType "swiss"]
[EventRounds "10"]
[EventCountry "DEN"]
[SourceTitle "CBM 167 Extra"]
[Source "ChessBase"]
[SourceDate "2015.09.14"]
[SourceVersion "1"]
[SourceVersionDate "2015.09.14"]
[SourceQuality "1"]

1. e4 c5 2. Nf3 Nc6 3. d4 cxd4 4. Nxd4 Nf6 5. Nc3 e6 6. Ndb5 Bb4 7. a3 Bxc3+ 8. Nxc3 h6 9. Qd6 Qe7 10. Bf4 e5 11. Qxe7+ Kxe7 12. Be3 d6 13. f3 Be6 14. Be2 Rhd8 15. 0-0-0 Kf8 16. Rd2 d5 17. exd5 Nxd5 18. Nxd5 Rxd5 19. Rhd1 Rad8 20. Rxd5 Rxd5 21. Rxd5 Bxd5 22. Kd2 f5 23. c4 Be6 24. b4 a6 25. Bb6 Ke7 26. Kc3 g5 27. a4 h5 28. a5 g4 29. b5 Nb8 30. Kb4 h4 31. fxg4 fxg4 32. Bf2 h3 33. gxh3 gxh3 34. Ba7 Nd7 35. Bf3 axb5 36. Kxb5 Nf6 37. Bxb7 Ng4 38. Bg1 Kd6 39. Kb4 Kc7 40. Bf3 Nf6 41. Be2 e4 42. Kc5 Bg4 43. Bf1 Bc8 44. Kd4 Kd6 45. Be3 Bf5 46. Bf4+ Ke6 47. a6 Nd7 48. c5 Nb8 49. Bxb8 1-0

[Event "Politiken Cup 37th"]
[Site "Helsingor"]
[Date "2015.07.25"]
[Round "1"]
[White "Schmied, Andreas"]
[Black "Shehzad, Kasher"]
[Result "1-0"]
[WhiteElo "2047"]
[BlackElo "1563"]
[PlyCount "87"]
[EventDate "2015.07.25"]
[EventType "swiss"]
[EventRounds "10"]
[EventCountry "DEN"]
[SourceTitle "CBM 167 Extra"]
[Source "ChessBase"]
[SourceDate "2015.09.14"]
[SourceVersion "1"]
[SourceVersionDate "2015.09.14"]
[SourceQuality "1"]

1. d4 d5 2. Nf3 e6 3. c4 c5 4. cxd5 exd5 5. g3 Nf6 6. Bg2 Be6 7. 0-0 Nc6 8. Nc3 cxd4 9. Nxd4 Bc5 10. Nxc6 bxc6 11. Na4 Be7 12. Be3 Nd7 13. Rc1 Bg5 14. Bxg5 Qxg5 15. Rxc6 0-0 16. Nc5 Nxc5 17. Rxc5 Rfd8 18. Qd4 Rd7 19. Rfc1 Rad8 20. b4 Qh5 21. Bf3 Qh6 22. a4 Rd6 23. Rd1 Qg5 24. b5 Qe7 25. Rdc1 R6d7 26. a5 Qd6 27. Kg2 h6 28. R1c3 Rb7 29. e3 Qd7 30. Be2 Bh3+ 31. Kg1 Qf5 32. Qh4 Re8 33. Bd3 Qd7 34. Qd4 Rd8 35. a6 Rbb8 36. Rc7 Qe8 37. Rxa7 Rxb5 38. Bxb5 Qxb5 39. Rc1 Qe8 40. Rac7 Qe6 41. a7 Re8 42. Rb7 Qa6 43. Rb8 Rxb8 44. axb8Q+ 1-0

[Event "Politiken Cup 36th"]
[Site "Helsingor"]
[Date "2014.07.25"]
[Round "6"]
[White "Buchal, Stephan"]
[Black "Schmied, Andreas"]
[Result "1-0"]
[WhiteElo "2295"]
[BlackElo "2018"]
[PlyCount "85"]
[EventDate "2014.07.21"]
[EventType "swiss"]
[EventRounds "10"]
[EventCountry "DEN"]
[SourceTitle "CBM 161 Extra"]
[Source "ChessBase"]
[SourceDate "2014.08.29"]
[SourceVersion "1"]
[SourceVersionDate "2014.08.29"]
[SourceQuality "1"]

1. c4 e5 2. g3 Nf6 3. Bg2 c6 4. d4 Bb4+ 5. Bd2 Bxd2+ 6. Qxd2 d6 7. Nc3 0-0 8. Rd1 Qe7 9. e3 Bg4 10. Nge2 Na6 11. h3 Bh5 12. 0-0 Rfd8 13. Rde1 Bxe2 14. Rxe2 Nc7 15. Kh2 exd4 16. exd4 Qf8 17. Rfe1 Re8 18. b3 Rxe2 19. Nxe2 d5 20. Nf4 Qd6 21. c5 Qd7 22. Nd3 Re8 23. Ne5 Qc8 24. b4 Nd7 25. h4 f6 26. Nf3 Rxe1 27. Qxe1 Kf8 28. Qb1 g6 29. Qc1 Kg7 30. Qf4 Nf8 31. Bh3 Qd8 32. a4 a6 33. Qe3 h5 34. Nd2 Kf7 35. Nb3 Nce6 36. Bf1 Qe7 37. Bd3 Nd8 38. Na5 Qc7 39. Qh6 Qe7 40. Bxg6+ Nxg6 41. Qh7+ Kf8 42. Qxg6 Nf7 43. Kg2 1-0

[Event "Politiken Cup 36th"]
[Site "Helsingor"]
[Date "2014.07.22"]
[Round "2"]
[White "Agrest, Inna"]
[Black "Schmied, Andreas"]
[Result "1-0"]
[WhiteElo "2223"]
[BlackElo "2018"]
[PlyCount "53"]
[EventDate "2014.07.21"]
[EventType "swiss"]
[EventRounds "10"]
[EventCountry "DEN"]
[SourceTitle "CBM 161 Extra"]
[Source "ChessBase"]
[SourceDate "2014.08.29"]
[SourceVersion "1"]
[SourceVersionDate "2014.08.29"]
[SourceQuality "1"]

1. e4 e5 2. Nf3 Nc6 3. Bb5 a6 4. Ba4 Nf6 5. 0-0 Be7 6. Re1 b5 7. Bb3 0-0 8. h3 Bb7 9. c3 d5 10. d4 exd4 11. e5 Ne4 12. cxd4 Na5 13. Bc2 c5 14. Nbd2 Nxd2 15. Qxd2 c4 16. Qf4 Bc8 17. Qg3 Nc6 18. Bh6 g6 19. Bxf8 Qxf8 20. Rad1 a5 21. h4 Qg7 22. Re3 a4 23. a3 b4 24. axb4 Nxb4 25. Bb1 Nc6 26. Ng5 h6 27. Nh3 1-0

[Event "Politiken Cup 35th"]
[Site "Helsingor"]
[Date "2013.08.02"]
[Round "8"]
[White "Justinussen, Sigurd B"]
[Black "Schmied, Andreas"]
[Result "1/2-1/2"]
[WhiteElo "1970"]
[BlackElo "2063"]
[PlyCount "70"]
[EventDate "2013.07.27"]
[EventType "swiss"]
[EventRounds "10"]
[EventCountry "DEN"]
[SourceTitle "CBM 155 Extra"]
[Source "ChessBase"]
[SourceDate "2013.08.26"]
[SourceVersion "1"]
[SourceVersionDate "2013.08.26"]
[SourceQuality "1"]

1. e4 e5 2. Bc4 Nf6 3. d3 Nc6 4. Nf3 Bc5 5. 0-0 d6 6. c3 a6 7. d4 Ba7 8. dxe5 dxe5 9. Qe2 Bg4 10. Bg5 Qe7 11. Rd1 h6 12. Bh4 g5 13. Bg3 Nh5 14. Bd5 Nd8 15. Nbd2 Nf4 16. Bxf4 gxf4 17. Kh1 c6 18. Bc4 Ne6 19. Bxe6 Qxe6 20. b3 0-0 21. Nc4 Rad8 22. Nb2 Bb6 23. Nc4 Bc7 24. Rxd8 Rxd8 25. Rd1 Rxd1+ 26. Qxd1 b5 27. Nb2 Qd6 28. Qe2 a5 29. h3 Bh5 30. Nd3 a4 31. Nb4 axb3 32. axb3 Ba5 33. Na2 Bb6 34. Nb4 Ba5 35. Na2 Bb6 1/2-1/2

[Event "Politiken Cup 35th"]
[Site "Helsingor"]
[Date "2013.07.31"]
[Round "6"]
[White "Molvig, Julius"]
[Black "Schmied, Andreas"]
[Result "1/2-1/2"]
[WhiteElo "1889"]
[BlackElo "2063"]
[PlyCount "35"]
[EventDate "2013.07.27"]
[EventType "swiss"]
[EventRounds "10"]
[EventCountry "DEN"]
[SourceTitle "CBM 155 Extra"]
[Source "ChessBase"]
[SourceDate "2013.08.26"]
[SourceVersion "1"]
[SourceVersionDate "2013.08.26"]
[SourceQuality "1"]

1. d4 Nf6 2. c4 g6 3. Nc3 d5 4. cxd5 Nxd5 5. e4 Nxc3 6. bxc3 Bg7 7. Bc4 c5 8. Ne2 Nc6 9. Be3 0-0 10. 0-0 e6 11. Rc1 b6 12. Qd2 Bb7 13. Bb3 Na5 14. Ng3 Rc8 15. Rfd1 cxd4 16. cxd4 Rxc1 17. Rxc1 Qd7 18. h3 1/2-1/2

[Event "Politiken Cup 35th"]
[Site "Helsingor"]
[Date "2013.07.28"]
[Round "3"]
[White "Schmied, Andreas"]
[Black "Satre, Roger"]
[Result "1-0"]
[WhiteElo "2063"]
[BlackElo "1833"]
[PlyCount "145"]
[EventDate "2013.07.27"]
[EventType "swiss"]
[EventRounds "10"]
[EventCountry "DEN"]
[SourceTitle "CBM 155 Extra"]
[Source "ChessBase"]
[SourceDate "2013.08.26"]
[SourceVersion "1"]
[SourceVersionDate "2013.08.26"]
[SourceQuality "1"]

1. d4 d5 2. c4 c6 3. Nf3 dxc4 4. e3 Be6 5. a4 Nf6 6. Na3 Nbd7 7. Bxc4 Bxc4 8. Nxc4 e6 9. 0-0 Be7 10. b3 0-0 11. Bb2 c5 12. Nfe5 cxd4 13. Nxd7 Qxd7 14. Bxd4 Rfd8 15. Qf3 Qd5 16. Rfd1 Qxf3 17. gxf3 b6 18. Kf1 Nd5 19. Rac1 Rac8 20. Bb2 Nb4 21. Ke2 f6 22. Na3 Rxc1 23. Rxd8+ Bxd8 24. Bxc1 Kf7 25. Bd2 Nc6 26. Bc3 e5 27. Kd3 Ke6 28. Kc4 a6 29. b4 Be7 30. Nc2 Na7 31. e4 b5+ 32. axb5 Nxb5 33. Bd2 Kd6 34. Be3 Kc6 35. f4 Nd6+ 36. Kd3 Kb5 37. fxe5 fxe5 38. Bc5 Nc8 39. Bxe7 Nxe7 40. Kc3 Nc6 41. Kb3 a5 42. Na3+ Kb6 43. Nc4+ Kb5 44. bxa5 g5 45. Kc3 h5 46. Nd6+ Kc5 47. Nf7 g4 48. a6 Kb5 49. Nxe5 Na7 50. Kd4 Kxa6 51. Ke3 Kb5 52. Kf4 Kc5 53. Nd7+ Kd4 54. Nf6 Nc6 55. Nxh5 Ne5 56. Ng3 Nd3+ 57. Kxg4 Nxf2+ 58. Kf5 Nh3 59. e5 Kd5 60. e6 Kd6 61. Ne4+ Ke7 62. Nf6 Kf8 63. Nd5 Ke8 64. Kg4 Nf2+ 65. Kf3 Nh3 66. Ke4 Ng5+ 67. Kf5 Nh3 68. Ke5 Ng5 69. Kf5 Nh3 70. Kg6 Kf8 71. e7+ Ke8 72. Kf6 Kd7 73. Nc7 1-0

[Event "Politiken Cup 35th"]
[Site "Helsingor"]
[Date "2013.07.27"]
[Round "1"]
[White "Schmied, Andreas"]
[Black "Sorensen, Bernhard"]
[Result "1-0"]
[WhiteElo "2063"]
[BlackElo "1591"]
[PlyCount "85"]
[EventDate "2013.07.27"]
[EventType "swiss"]
[EventRounds "10"]
[EventCountry "DEN"]
[SourceTitle "CBM 155 Extra"]
[Source "ChessBase"]
[SourceDate "2013.08.26"]
[SourceVersion "1"]
[SourceVersionDate "2013.08.26"]
[SourceQuality "1"]

1. d4 e6 2. c4 f5 3. Nf3 Nf6 4. g3 d5 5. Bg2 c6 6. 0-0 Be7 7. b3 0-0 8. Ba3 Bxa3 9. Nxa3 Qe8 10. Nc2 Ne4 11. Nb4 Nd7 12. Nd3 Rf6 13. e3 g5 14. Nfe5 Rh6 15. f4 g4 16. Bxe4 dxe4 17. Nxd7 Bxd7 18. Ne5 Qh5 19. Rf2 Rd8 20. Qd2 b6 21. Qb4 Qe8 22. Qd6 Bc8 23. Qxc6 Qxc6 24. Nxc6 Rd7 25. a4 Rc7 26. Ne5 a5 27. Rc2 Rf6 28. Rac1 Ba6 29. c5 b5 30. c6 Rf8 31. Rc5 bxa4 32. Rxa5 Bb7 33. b4 Rfc8 34. b5 Kg7 35. Rxa4 Ra8 36. Rxa8 Bxa8 37. Ra1 Rc8 38. Ra7+ Kh6 39. Nf7+ Kg6 40. Nd6 Bxc6 41. Nxc8 Bxb5 42. Nd6 Bd3 43. Rc7 1-0

[Event "Baden-ch"]
[Site "Birkenfeld"]
[Date "2013.06.01"]
[Round "8"]
[White "Ruff, Maximilian"]
[Black "Schmied, Andreas"]
[Result "1/2-1/2"]
[WhiteElo "2073"]
[BlackElo "2069"]
[PlyCount "37"]
[EventDate "2013.05.26"]
[EventType "swiss"]
[EventRounds "9"]
[EventCountry "GER"]
[SourceTitle "EXT 2014"]
[Source "ChessBase"]
[SourceDate "2013.11.20"]
[SourceVersion "1"]
[SourceVersionDate "2013.11.20"]
[SourceQuality "1"]

1. e4 e5 2. Nf3 Nc6 3. Bc4 Bc5 4. d3 Nf6 5. Nc3 h6 6. Be3 Bb6 7. Qd2 d6 8. h3 Bd7 9. a3 Qe7 10. 0-0-0 0-0-0 11. Bxb6 axb6 12. Qe3 g5 13. Nd5 Nxd5 14. exd5 Nb8 15. d4 f6 16. dxe5 fxe5 17. Nd2 Qf6 18. Ne4 Qf4 19. Qxf4 1/2-1/2

[Event "Baden-ch"]
[Site "Birkenfeld"]
[Date "2013.05.27"]
[Round "2"]
[White "Braun, Ruediger Thomas"]
[Black "Schmied, Andreas"]
[Result "0-1"]
[WhiteElo "1981"]
[BlackElo "2069"]
[PlyCount "76"]
[EventDate "2013.05.26"]
[EventType "swiss"]
[EventRounds "9"]
[EventCountry "GER"]
[SourceTitle "EXT 2014"]
[Source "ChessBase"]
[SourceDate "2013.11.20"]
[SourceVersion "1"]
[SourceVersionDate "2013.11.20"]
[SourceQuality "1"]

1. e4 e5 2. Nf3 Nc6 3. Bc4 Bc5 4. b4 Bxb4 5. c3 Be7 6. d4 Na5 7. Nxe5 Nxc4 8. Nxc4 d5 9. exd5 Qxd5 10. Ne3 Qa5 11. 0-0 Nf6 12. Re1 Be6 13. Bd2 c6 14. c4 Qd8 15. Bc3 0-0 16. Nd2 Re8 17. Qf3 Qc7 18. Rac1 Rad8 19. Ndf1 Qb6 20. Ng3 Qa6 21. Ngf5 Bxf5 22. Qxf5 Ba3 23. Rb1 Ne4 24. Ba1 Nd2 25. Rbd1 Nxc4 26. Ng4 Qa5 27. Rxe8+ Rxe8 28. Ne5 Qd5 29. Qc2 Nb6 30. Rf1 Bd6 31. h3 Bb8 32. f4 f6 33. Ng4 Re7 34. Qf2 Qe4 35. Bc3 Nd5 36. Re1 Qxf4 37. Rxe7 Qxf2+ 38. Kxf2 Nxe7 0-1

[Event "Politiken Cup 34th"]
[Site "Helsingor"]
[Date "2012.08.04"]
[Round "9"]
[White "Schmied, Andreas"]
[Black "Jorgensen, Dennis"]
[Result "0-1"]
[WhiteElo "2067"]
[BlackElo "2231"]
[PlyCount "94"]
[EventDate "2012.07.28"]
[EventType "swiss"]
[EventRounds "10"]
[EventCountry "DEN"]
[SourceTitle "CBM 149 Extra"]
[Source "ChessBase"]
[SourceDate "2012.08.24"]
[SourceVersion "1"]
[SourceVersionDate "2012.08.24"]
[SourceQuality "1"]

1. d4 Nf6 2. c4 e6 3. Nc3 Bb4 4. Qc2 d5 5. cxd5 Qxd5 6. Nf3 Qf5 7. Qxf5 exf5 8. a3 Be7 9. Bf4 c6 10. e3 Nbd7 11. Bc4 Nb6 12. Ba2 Nfd5 13. Ne2 Be6 14. Ne5 Rd8 15. 0-0 0-0 16. Rfc1 Bd6 17. Bg3 Rfe8 18. Nd3 Bxg3 19. Nxg3 g6 20. Rf1 Kf8 21. Ne2 Re7 22. Nc5 Bc8 23. Bb3 Rde8 24. Rfe1 Nf6 25. Nc3 Rd8 26. Rad1 Nbd5 27. Nxd5 Nxd5 28. Bc4 h5 29. h4 Nf6 30. Be2 Ne8 31. Nd3 Nd6 32. Ne5 Be6 33. Rc1 Kg7 34. Nc4 Ne4 35. Red1 Bd5 36. Nd2 Nd6 37. Nc4 f4 38. Re1 Nf5 39. Bd3 Nxh4 40. e4 Bxc4 41. Rxc4 Red7 42. d5 cxd5 43. exd5 Rxd5 44. Be4 Rb5 45. b4 Rd7 46. a4 Re5 47. Rec1 g5 0-1

[Event "Politiken Cup 34th"]
[Site "Helsingor"]
[Date "2012.07.28"]
[Round "1"]
[White "Schmied, Andreas"]
[Black "Kyrkjebo, Marte Bakken"]
[Result "1-0"]
[WhiteElo "2067"]
[BlackElo "1632"]
[PlyCount "123"]
[EventDate "2012.07.28"]
[EventType "swiss"]
[EventRounds "10"]
[EventCountry "DEN"]
[SourceTitle "CBM 149 Extra"]
[Source "ChessBase"]
[SourceDate "2012.08.24"]
[SourceVersion "1"]
[SourceVersionDate "2012.08.24"]
[SourceQuality "1"]

1. d4 d5 2. c4 c6 3. Nf3 Nf6 4. Nc3 a6 5. a4 e6 6. e3 a5 7. Be2 Be7 8. 0-0 Na6 9. b3 0-0 10. Bb2 Nb4 11. Re1 b6 12. Ne5 Ba6 13. Na2 Qc7 14. Qc1 c5 15. Nxb4 axb4 16. Qc2 Nd7 17. Nxd7 Qxd7 18. Rad1 Bf6 19. cxd5 exd5 20. dxc5 Bxb2 21. Qxb2 bxc5 22. Qe5 Rfd8 23. Bf3 Bb7 24. Bxd5 Bxd5 25. e4 Qe6 26. exd5 Qxe5 27. Rxe5 Rd6 28. Re7 Rc8 29. Rb7 Kf8 30. Rb5 Ke7 31. Kf1 Kf6 32. f4 Rc7 33. Kf2 Kf5 34. Kf3 h6 35. a5 Rc8 36. Rb6 Rcd8 37. g4+ Kf6 38. Rxd6+ Rxd6 39. Ke4 Ke7 40. Rc1 Kd7 41. Rxc5 Rg6 42. h3 Ra6 43. Rb5 Kc7 44. f5 g6 45. fxg6 fxg6 46. Ke5 Kd7 47. Kd4 Kc7 48. Kc5 g5 49. Kxb4 Rd6 50. Kc5 Ra6 51. b4 Kd7 52. Rb6 Ra7 53. Rxh6 Rc7+ 54. Kb6 Rc8 55. b5 Rb8+ 56. Kc5 Rc8+ 57. Kb4 Rb8 58. a6 Kc7 59. Kc5 Kd7 60. Rh7+ Kd8 61. Rh8+ Kc7 62. d6+ 1-0

[Event "Politiken Cup 33rd"]
[Site "Helsingor"]
[Date "2011.08.07"]
[Round "10"]
[White "Schmied, Andreas"]
[Black "Hansen, Rolf Stig"]
[Result "1/2-1/2"]
[WhiteElo "2081"]
[BlackElo "1918"]
[PlyCount "60"]
[EventDate "2011.07.30"]
[EventType "swiss"]
[EventRounds "10"]
[EventCountry "DEN"]
[SourceTitle "CBM 143 Extra"]
[Source "ChessBase"]
[SourceDate "2011.08.29"]
[SourceVersion "1"]
[SourceVersionDate "2011.08.29"]
[SourceQuality "1"]

1. d4 d5 2. c4 e6 3. Nf3 c6 4. Qc2 Nf6 5. g3 Bb4+ 6. Bd2 Qe7 7. Bg2 Nbd7 8. 0-0 0-0 9. Rd1 Re8 10. Bf4 Bd6 11. Nbd2 Bxf4 12. gxf4 Nf8 13. e3 Ng6 14. a3 Bd7 15. b4 Rec8 16. Qb2 Ne4 17. Nxe4 dxe4 18. Ne5 f5 19. Nxg6 hxg6 20. d5 cxd5 21. cxd5 exd5 22. Rxd5 Rc7 23. Rc1 Rac8 24. Rxc7 Rxc7 25. Qd2 Ba4 26. Bf1 Rc2 27. Rd8+ Kh7 28. Qd5 Be8 29. Qd1 Ba4 30. Qd5 Be8 1/2-1/2